A century surveyed (Record no. 112321)

MARC details
000 -LEADER
fixed length control field 00760cam a22001935a 4500
001 - CONTROL NUMBER
control field E153010
008 - FIXED-LENGTH DATA ELEMENTS--GENERAL INFORMATION
fixed length control field 110523s2009 xxk f 000 0 eng d
035 ## - SYSTEM CONTROL NUMBER
System control number (Sirsi) u153010
041 0# - LANGUAGE CODE
Language code of text/sound track or separate title eng
050 04 - LIBRARY OF CONGRESS CALL NUMBER
Classification number 920 $2 18
110 2# - MAIN ENTRY--CORPORATE NAME
Corporate name or jurisdiction name as entry element Association of Chief Estates Surveyors and Property Managers in the Public Sector
9 (RLIN) 5693
245 02 - TITLE STATEMENT
Title A century surveyed
260 ## - PUBLICATION, DISTRIBUTION, ETC.
Place of publication, distribution, etc. [S.l.]
Name of publisher, distributor, etc. ACES
Date of publication, distribution, etc. [2009]
300 ## - PHYSICAL DESCRIPTION
Extent 190p.
Other physical details ill.
Dimensions 30cm.
520 ## - SUMMARY, ETC.
Summary, etc. Presents a history of the Association of Chief Estates Surveyors & Property Managers in the Public Sector (ACES), including details of publications and the developments of the website. Lists presidents of ACES and reproduces photographs of members.
651 #4 - SUBJECT ADDED ENTRY--GEOGRAPHIC NAME
Geographic name United Kingdom
Chronological subdivision
690 ## - LOCAL SUBJECT ADDED ENTRY--TOPICAL TERM (OCLC, RLIN)
Topical term or geographic name as entry element PROPERTY
942 ## - ADDED ENTRY ELEMENTS (KOHA)
Suppress in OPAC 0
Holdings
Withdrawn status Lost status Source of classification or shelving scheme Damaged status Not for loan Home library Current library Shelving location Date acquired Total Checkouts Full call number Barcode Date last seen Copy number Price effective from Koha item type
    Dewey Decimal Classification     London London Folio 23/05/2011   F920 ASS 30075611 06/08/2019 1 06/08/2019 Book